Rhetores Latini minores. Ex codicibus maximam partem primum adhibitis.
Salvato in:
| Autore principale: | |
|---|---|
| Natura: | Libro |
| Lingua: | inglese |
| Pubblicazione: |
Lipsiae:
Teubneri,
1863.
|
| Soggetti: | |
| Tags: |
Aggiungi Tag
Nessun Tag, puoi essere il primo ad aggiungerne!!
|
MARC
| LEADER | 00000nam a22000007a 4500 | ||
|---|---|---|---|
| 003 | CL-VaPUC | ||
| 005 | 20220822114704.0 | ||
| 008 | 220721t1863 ||||| |||| 00| 0 eng d | ||
| 999 | |c 437387 |d 437385 | ||
| 040 | |c Pontificia Universidad Católica de Valparaíso | ||
| 082 | |2 22 |a 875.3 HAL 1863 | ||
| 100 | |9 873585 |a Halm, Carolus |e author | ||
| 245 | |a Rhetores Latini minores. |b Ex codicibus maximam partem primum adhibitis. | ||
| 260 | |a Lipsiae: |b Teubneri, |c 1863. | ||
| 300 | |a 657 páginas. | ||
| 500 | |a c.1 Donación Familia Prof. Alejandro Guzmán Brito. | ||
| 583 | |c 20220721 |k Yessy Sthefany Diaz Vidal | ||
| 650 | 0 | |9 265653 |a Retórica antigua | |
| 650 | 0 | |9 266716 |a Discursos latinos | |
| 942 | |2 ddc |c BK |n 0 | ||
| 952 | |0 0 |1 0 |2 ddc |4 0 |6 875_300000000000000_HAL_1863 |7 0 |8 C_AGB |9 585152 |a BIBDER |b BIBDER |d 2022-07-21 |e Donación |i 5653238 |o 875.3 HAL 1863 |p 5653238 |r 2023-01-25 |t 1 |w 2022-07-21 |y BK_US |k AGB | ||